مكتبة جامعة عجلون الوطنية

فهرس بحث المكتبة

Normal view MARC view
  • التربية الخاصة-برامج تربوية وأساليب

Entry Topical Term

Number of records used in: 1

001 - CONTROL NUMBER

  • control field: 42636

003 - CONTROL NUMBER IDENTIFIER

  • control field: JO-AjAnu

005 - DATE AND TIME OF LATEST TRANSACTION

  • control field: 20230606081055.0

008 - FIXED-LENGTH DATA ELEMENTS

  • fixed length control field: 230606|| aca||aabn | a|a d

040 ## - CATALOGING SOURCE

  • Original cataloging agency: JO-AjAnu
  • Transcribing agency: JO-AjAnu

150 ## - HEADING--TOPICAL TERM

  • Topical term or geographic name entry element: التربية الخاصة-برامج تربوية وأساليب

670 ## - SOURCE DATA FOUND

  • Source citation: Work cat.: (JO-AjAnu)21838: الجوالده، فؤاد عيد مؤلف/القمش، مصطفى نوري م.مشارك , author 42635, البرامج التربوية والأساليب العلاجية لذوي الحاجات الخاصة